| 000 | 00788nam a2200229Ia 4500 | ||
|---|---|---|---|
| 999 |
_c47147 _d47147 |
||
| 003 | GCL | ||
| 005 | 20240530104404.0 | ||
| 008 | 140319s9999 xx 000 0 ara d | ||
| 040 |
_aGCL / _cGCL |
||
| 082 | 0 | 4 |
_a155.4 _bك س |
| 100 | 1 | _aثيرستون، ثلماجوين | |
| 245 | 1 | 0 |
_aالقدرات العقلية عند الاطفال / _cثلماجوين ثيرستون |
| 300 | _a125 ص | ||
| 490 |
_aسلسلة دراسات سيكولوجية _v0 |
||
| 650 | 0 | 4 | _aالقدرة العقلية |
| 650 | 0 | 4 | _aالاطفال - نمو |
| 650 | 0 | 4 | _aالاطفال- القدرة العقلية |
| 700 | 1 | _aعبدالفتاح المنياوى (مترجم) | |
| 700 | 1 | _aعبدالعزيز القوصى (مقدم) | |
| 700 | 1 | _aبيرن، كاترين مان | |
| 942 |
_2ddc _cBK |
||